Germans on welfare : from Weimar to Hitler /

A study of the welfare system in the Weimar Republic. Crew examines both high-level policy and ordinary Germans' daily experiences and encounters with the welfare state. One of the pillars of the Weimar social republic, the collapse of the welfare system is shown to have speeded the rise of the...

Full description

Bibliographic Details
Main Author: Crew, David F., 1946-
Format: eBook
Language:English
Published: New York : Oxford University Press, 1998.
Series:OUP E-Books.
Subjects:
Online Access:Connect to the full text of this electronic book

MARC

Tag First Indicator Second Indicator Subfields
LEADER 00000cam a2200000 a 4500
001 in00005701708
005 20260318172231.6
006 m o d
007 cr cnu---unuuu
008 060929s1998 nyub ob 001 0 eng d
010 |a  97008445  
040 |a N$T  |b eng  |e pn  |c N$T  |d YDXCP  |d OCLCQ  |d OCLCG  |d OCLCQ  |d MT4IT  |d E7B  |d NRU  |d OCLCQ  |d IDEBK  |d OCLCQ  |d OCLCF  |d OCLCO  |d OCLCQ  |d OCL  |d OCLCQ  |d OCL  |d STBDS  |d FIE  |d OCLCQ  |d STF  |d COCUF  |d CEF  |d OCLCQ  |d LHU  |d FVL  |d YOU  |d CANPU  |d OCLCQ  |d BRX  |d CNTRU  |d OCLCQ  |d SFB  |d UKAHL  |d K6U  |d OCLCO  |d OCL  |d OCLCQ  |d OCLCO  |d OCLCL  |d OCLCQ  |d OCLCL  |d OCLCQ  |d INARC  |d OCLCA 
015 |a GB9851778  |2 bnb 
019 |a 148637281  |a 191038062  |a 252542095  |a 455963616  |a 646799957  |a 756879502  |a 814394813  |a 819509069  |a 821687987  |a 1035699611  |a 1044183249  |a 1044302247  |a 1056321559  |a 1056397679  |a 1059556042  |a 1059780702  |a 1060857802  |a 1069702566  |a 1074266318  |a 1079890725  |a 1097327720  |a 1099562302  |a 1125400552  |a 1136183926  |a 1514748333 
020 |a 1429404221  |q (electronic bk.) 
020 |a 9781429404228  |q (electronic bk.) 
020 |a 1601296894 
020 |a 9781601296894 
020 |a 1280440295 
020 |a 9781280440298 
020 |a 9786610440290 
020 |a 6610440298 
020 |z 0195053117  |q (Cloth) 
020 |z 0195118782  |q (pbk. ;  |q alk. paper) 
020 |z 9780195053111 
020 |a 9780199854479  |q (electronic bk.) 
020 |a 0199854475  |q (electronic bk.) 
020 |z 9780195118780 
020 |a 0195053117 
020 |a 9780195053111 
024 3 |a 9780195053111 
027 |a MYILIB_CUp 
035 |a (OCoLC)71802891  |z (OCoLC)148637281  |z (OCoLC)191038062  |z (OCoLC)252542095  |z (OCoLC)455963616  |z (OCoLC)646799957  |z (OCoLC)756879502  |z (OCoLC)814394813  |z (OCoLC)819509069  |z (OCoLC)821687987  |z (OCoLC)1035699611  |z (OCoLC)1044183249  |z (OCoLC)1044302247  |z (OCoLC)1056321559  |z (OCoLC)1056397679  |z (OCoLC)1059556042  |z (OCoLC)1059780702  |z (OCoLC)1060857802  |z (OCoLC)1069702566  |z (OCoLC)1074266318  |z (OCoLC)1079890725  |z (OCoLC)1097327720  |z (OCoLC)1099562302  |z (OCoLC)1125400552  |z (OCoLC)1136183926  |z (OCoLC)1514748333 
043 |a e-gx--- 
050 4 |a HV275  |b .C74 1998eb 
055 1 3 |a HV275  |b .C74 1998eb 
072 7 |a SOC  |x 045000  |2 bisacsh 
072 7 |a HBDW  |2 bicssc 
080 |a 362.043 
082 0 4 |a 362.5/8/094309041  |2 22 
084 |a 15.70  |2 bcl 
084 |a r 43  |2 ifzs 
084 |a r 81  |2 ifzs 
084 |a NQ 1220  |2 rvk 
084 |a NQ 1230  |2 rvk 
084 |a NW 8800  |2 rvk 
049 |a TXAM 
100 1 |a Crew, David F.,  |d 1946-  |1 https://id.oclc.org/worldcat/entity/E39PBJmP6qTrT7yvF6f9wGbcfq 
245 1 0 |a Germans on welfare :  |b from Weimar to Hitler /  |c David F. Crew. 
260 |a New York :  |b Oxford University Press,  |c 1998. 
300 |a 1 online resource (xiii, 287 pages) :  |b maps 
336 |a text  |b txt  |2 rdacontent 
337 |a computer  |b c  |2 rdamedia 
338 |a online resource  |b cr  |2 rdacarrier 
504 |a Includes bibliographical references (pages 267-275) and index. 
505 0 |a Introduction: The Meaning of the German Welfare State -- 1. Religion, Socialism, and State Welfare in the Weimar Republic -- 2. The Welfare System in the Neighborhoods: Professionals and Volunteers -- 3. The Gender of Welfare: Women and Social Work -- 4. Becoming a Welfare Client -- 5. Pensioners in the Welfare System -- 6. Weimar Women on Welfare -- 7. The State as Parent? Youth Welfare and German Families -- 8. The Weimar Welfare State's Last Crisis, 1929-1933 -- 9. Hungry and Homeless in the Depression -- 10. "Welfare Is the Preservation of Labor Power": Unemployment and Work Relief -- Conclusion: Toward the Nazi Racial State. 
520 |a A study of the welfare system in the Weimar Republic. Crew examines both high-level policy and ordinary Germans' daily experiences and encounters with the welfare state. One of the pillars of the Weimar social republic, the collapse of the welfare system is shown to have speeded the rise of the Nazi racial state after 1933. 
588 0 |a Print version record. 
611 2 7 |a BMBF-Statusseminar  |2 gnd 
650 0 |a Public welfare  |z Germany  |x History  |y 20th century. 
650 0 |a Poor  |z Germany  |x History  |y 20th century. 
651 0 |a Germany  |x Social policy. 
651 0 |a Germany  |x Social conditions  |y 1918-1933. 
650 0 |a Poverty  |z Germany  |x History  |y 20th century. 
650 2 |a Poverty  |x history 
650 2 |a Social Welfare  |x history 
650 2 |a Public Policy  |x history 
650 2 |a Public Assistance  |x history 
650 6 |a Aide sociale  |z Allemagne  |x Histoire  |y 20e siècle. 
650 6 |a Pauvreté  |z Allemagne  |x Histoire  |y 20e siècle. 
651 6 |a Allemagne  |x Politique sociale. 
651 6 |a Allemagne  |x Conditions sociales  |y 1918-1933. 
650 6 |a Pauvres  |z Allemagne  |x Histoire  |y 20e siècle. 
650 7 |a SOCIAL SCIENCE  |x Poverty & Homelessness.  |2 bisacsh 
650 7 |a Poverty  |2 fast 
650 7 |a Poor  |2 fast 
650 7 |a Public welfare  |2 fast 
650 7 |a Social conditions  |2 fast 
650 7 |a Social policy  |2 fast 
651 7 |a Germany  |2 fast  |1 https://id.oclc.org/worldcat/entity/E39PBJtCD3rcKcPDx6FHmjvrbd 
650 1 7 |a Welzijnszorg.  |2 gtt 
650 1 7 |a Armenzorg.  |2 gtt 
650 1 7 |a Weimar-republiek.  |2 gtt 
650 7 |a Public welfare  |z Germany  |x History  |x 20th century.  |2 blmlsh 
650 7 |a Germany  |x History  |x 1918-1933.  |2 blmlsh 
650 7 |a Fürsorge  |2 gnd 
650 7 |a Sozialpolitik  |2 gnd 
650 7 |a Wohlfahrtsstaat  |2 gnd 
651 7 |a Deutschland  |2 gnd 
648 7 |a 1900-1999  |2 fast 
648 7 |a Geschichte 1918-1933  |2 swd 
655 7 |a Electronic books.  |2 local 
655 7 |a History  |2 fast 
758 |i has work:  |a Germans on welfare (Text)  |1 https://id.oclc.org/worldcat/entity/E39PCFJWYKkvv8VHTgCpxhdw3P  |4 https://id.oclc.org/worldcat/ontology/hasWork 
776 0 8 |i Print version:  |a Crew, David F., 1946-  |t Germans on welfare.  |d New York : Oxford University Press, 1998  |z 0195053117  |z 0195118782  |w (DLC) 97008445  |w (OCoLC)36662884 
830 0 |a OUP E-Books. 
856 4 0 |u http://proxy.library.tamu.edu/login?url=https://academic.oup.com/book/26055  |z Connect to the full text of this electronic book  |t 0 
955 |a Oxford Scholarship Online 
994 |a 92  |b TXA 
999 f f |i 21ae8e16-bc3b-4ce3-be8c-dbf50dbb9077  |s a71a4a6f-05a9-4b4c-975c-86d677f365b9  |t 0 
952 f f |a Texas A&M University  |b College Station  |c Electronic Resources  |s www_evans  |d Available Online  |t 0  |e HV275 .C74 1998eb  |h Library of Congress classification 
998 f f |a HV275 .C74 1998eb  |t 0  |l Available Online